000 01189cam a2200385 a 4500
001 2385
003 FISKH
005 20240613090659.0
008 121025s2013 nyua b 000 1 eng c
010 _a 2012043724
020 _a9780545493284
040 _aNJQ/DLC
_cNJQ
_dDLC
_beng
042 _apcc
_alcac
050 0 0 _aPZ7.A7379
_bFkm 2013
082 0 4 _a813.54
_223
100 1 _aArnold, Tedd
245 1 0 _aFly Guy and the Frankenfly /
_cTedd Arnold.
260 _aNew York :
_bCartwheel Books,
_c2013.
300 _a30 pages :
_bcolor illustrations ;
_c23 cm
490 1 _aFly guy ;
_vBook 13
505 _aG
520 _aBuzz has a nightmare that his best friend Fly Guy has created a gigantic Frankenfly monster.
521 8 _a410
_bLexile
521 8 _aG
_bRaz-Plus
650 0 _aFlies
_vJuvenile fiction.
650 0 _aMonsters
_vJuvenile fiction.
650 0 _aNightmares
_vJuvenile fiction.
650 0 _aBest friends
_vJuvenile fiction.
650 1 _aFlies
_vFiction.
650 1 _aMonsters
_vFiction.
650 1 _aNightmares
_vFiction.
650 1 _aBest friends
_vFiction.
906 _a7
_bcbc
_corignew
_d1
_eecip
_f20
_gy-gencatlg
942 _2ddc
_cBK
_n0
999 _c2385
_d2385